000 00726nam a2200265Ia 4500
003 OSt
005 20221007110626.0
006 a|||||r|||| 00| 0
007 ta
008 221006b |||||||| |||| 00| 0 eng d
024 _a21,482
037 _cTextual
040 _aLCO
_cLCO
_beng
041 _2eng
_aeng
082 _aX8(A):979C:(Z), M4
100 _aPatel Vithalbhai B.
245 0 _aLaw on Industrial Disputes
250 _a3rd
260 _aAllahabad
_bG.D. Kataria for Orient Law House India
_c1984
300 _a640
490 _vVol.- IIII
650 _aINDUSTRIAL DISPUTES
_9425134
942 _hX8(A):979C:(Z), M4
_cTEXL
999 _c1191045
_d1191045